Sports Quiz

Random Sports or NBA Quiz

NBA Teams - Fit the Pattern Quiz Stats

 Plays Quiz Updated Feb 22, 2016

Support Sporcle.
Go Orange.
Score 0/30 Timer 04:00
10 Plays Today
% Correct
HT
75.4%
HRNTS
71%
TMBRWLVS
70.7%
BLLS
70%
TRL BLZRS
69.6%
JZZ
69.3%
BCKS
68.2%
CVLRS
68.2%
MGC
67.8%
LKRS
67.8%
RCKTS
67.2%
NTS
67.2%
WRRRS
66.5%
SPRS
65.6%
PSTNS
65.5%
% Correct
PLCNS
65.3%
CLTCS
64.9%
PCRS
64.8%
WZRDS
64.4%
KNGS
63.8%
GRZZLS
63.7%
THNDR
63.6%
HWKS
63.4%
NGGTS
63.1%
KNCKS
62.1%
RPTRS
61.9%
76RS
61.8%
CLPPRS
60.5%
SNS
60.3%
MVRCKS
60.1%

From the Vault

World Heritage Site by Country

by lupin

We can't wait for one day when a supervillain puts these all in one spot.
Remove Ads.
Support Sporcle.
Get the best of Sporcle when you Go Orange. This ad-free experience offers more features, more stats, and more fun while also helping to support Sporcle. Thank you for becoming a member.

Show Comments

Extras

Top Quizzes Today


Score Distribution

Your Account Isn't Verified!

In order to create a playlist on Sporcle, you need to verify the email address you used during registration. Go to your Sporcle Settings to finish the process.

Report this User

Report this user for behavior that violates our Community Guidelines.

Details: